Normal view MARC view
  • Matulionis, A.

Entry Personal Name

Number of records used in: 1

001 - CONTROL NUMBER

  • control field: 96961

003 - CONTROL NUMBER IDENTIFIER

  • control field: NUST

005 - DATE AND TIME OF LATEST TRANSACTION

  • control field: 20220812110921.0

008 - FIXED-LENGTH DATA ELEMENTS

  • fixed length control field: 220812|| aca||aabn | a|a d

040 ## - CATALOGING SOURCE

  • Original cataloging agency: NUST
  • Transcribing agency: NUST

100 ## - HEADING--PERSONAL NAME

  • Personal name: Matulionis, A.
  • Dates associated with a name: 1946-

670 ## - SOURCE DATA FOUND

  • Source citation: Work cat.: (NUST)175659: Hartnagel, Hans, 96959, Microwave noise in semiconductor devices /, c2001.
© 2023 Central Library, National University of Sciences and Technology. All Rights Reserved.